| 000 | 00693nam a2200241Ia 4500 | ||
|---|---|---|---|
| 003 | OSt | ||
| 005 | 20220923211834.0 | ||
| 006 | a|||||r|||| 00| 0 | ||
| 007 | ta | ||
| 008 | 220922b |||||||| |||| 00| 0 san d | ||
| 024 | _a59,469 | ||
| 037 | _cTextual | ||
| 040 |
_aARTS _cARTS _bsan |
||
| 041 |
_2san _asan |
||
| 082 | _aQ142:22:g, 15M0 | ||
| 100 |
_aविजयपाल, सम्पा _9156369 |
||
| 245 | 0 | _aगोपथ ब्र्राह्मणम् | |
| 246 | _aGopath brrāhmaṇam | ||
| 260 | _c1980 | ||
| 300 |
_a43ए201चण् _ccm. |
||
| 942 |
_hQ142:22:g, 15M0 _cTEXL _2CC |
||
| 999 |
_c304063 _d304063 |
||